Statistics for Technology Giants #2 - Apple

Click here to take the quiz!

General Stats

  • This quiz has been taken 17,427 times
    (8,559 since last reset)
  • The average score is 13 of 18

Answer Stats

HintAnswer% Correct
Phone which Apple released in 2007iPhone
99%
The two "Steves" who were co-founders of AppleSteve Jobs
97%
MP3 player released in 2001iPod
95%
Line of computers introduced in 1984Macintosh
93%
Apple's "personal assistant" launched in 2011Siri
90%
Apple's web browserSafari
88%
Dr. Dre branded headphones company acquired in 2014Beats
83%
Wireless headphones released in 2016AirPods
81%
Wearable product released in 2015Apple Watch
79%
Famous scientist who was appropriately featured on Apple's original logoIsaac Newton
61%
The two "Steves" who were co-founders of AppleSteve Wozniak
58%
Band whose "Songs of Innocence" was downloaded onto everyone's devices
without permission in 2014
U2
58%
Augmented reality headset launched in 2024Apple {Vision} Pro
56%
Current CEO of AppleTim Cook
53%
Chinese city, starting with S, where most of Apple's phones have been madeShenzhen
49%
Place in the Apple Store you can visit to get help with your Apple devices{Genius} Bar
48%
Rock band that owns the music label Apple Records and once sued Apple Computer
for trademark infringement
The Beatles
45%
Advertising campaign which ran from 1997–2002Think {Different}
35%

Score Distribution

Percentile by Number Answered

Percent of People with Each Score

Your Score History

You have not taken this quiz since the last reset